<?xml version="1.0" encoding="UTF-8"?>
<record
    xmlns:xsi="http://www.w3.org/2001/XMLSchema-instance"
    xsi:schemaLocation="http://www.loc.gov/MARC21/slim http://www.loc.gov/standards/marcxml/schema/MARC21slim.xsd"
    xmlns="http://www.loc.gov/MARC21/slim">

  <leader>01147nam a2200193Ia 4500</leader>
  <datafield tag="952" ind1=" " ind2=" ">
    <subfield code="0">0</subfield>
    <subfield code="1">0</subfield>
    <subfield code="4">0</subfield>
    <subfield code="7">0</subfield>
    <subfield code="a">04</subfield>
    <subfield code="b">04</subfield>
    <subfield code="d">2019-11-28</subfield>
    <subfield code="l">0</subfield>
    <subfield code="o">HF5661 V37 2019</subfield>
    <subfield code="p">04 000012</subfield>
    <subfield code="r">2019-11-28</subfield>
    <subfield code="t">1</subfield>
    <subfield code="w">2019-11-28</subfield>
    <subfield code="y">LB</subfield>
  </datafield>
  <datafield tag="999" ind1=" " ind2=" ">
    <subfield code="c">63095</subfield>
    <subfield code="d">63095</subfield>
  </datafield>
  <controlfield tag="008">120625s2019    mx            000 0 spa d</controlfield>
  <datafield tag="020" ind1=" " ind2=" ">
    <subfield code="a">9786078628421</subfield>
  </datafield>
  <datafield tag="050" ind1="1" ind2="4">
    <subfield code="a">HF5661</subfield>
    <subfield code="b">V37 2019</subfield>
  </datafield>
  <datafield tag="100" ind1="1" ind2=" ">
    <subfield code="a">Vargas Moreno, Mar&#xED;a de los &#xC1;ngeles</subfield>
    <subfield code="e">autora</subfield>
  </datafield>
  <datafield tag="245" ind1="1" ind2="0">
    <subfield code="a">Fundamentos de contabilidad</subfield>
    <subfield code="c">/ Mar&#xED;a de los &#xC1;ngeles Vargas Moreno</subfield>
  </datafield>
  <datafield tag="250" ind1=" " ind2=" ">
    <subfield code="a">4a. edici&#xF3;n</subfield>
  </datafield>
  <datafield tag="260" ind1="3" ind2=" ">
    <subfield code="a">M&#xE9;xico</subfield>
    <subfield code="b">: IMCP</subfield>
    <subfield code="c">, 2019</subfield>
  </datafield>
  <datafield tag="300" ind1=" " ind2=" ">
    <subfield code="a">157 p&#xE1;ginas</subfield>
    <subfield code="b">: ilustraciones</subfield>
  </datafield>
  <datafield tag="500" ind1=" " ind2=" ">
    <subfield code="a">Versi&#xF3;n Alumno

Incluye ejercicios para cada cap&#xED;tulo</subfield>
  </datafield>
  <datafield tag="505" ind1=" " ind2=" ">
    <subfield code="a">La contabilidad
Estado de situaci&#xF3;n financiera
Estado de resultados
Estado de situaci&#xF3;n financiera y estado de resultados
Teor&#xED;a de la Partida Doble
Esquemas de mayor con cuentas de estado de situaci&#xF3;n financiera
Esquemas de mayor con cuentas de estado de situaci&#xF3;n financiera
Partida doble, cuentas de resultados y estado de situaci&#xF3;n financiera
Ejercicios de IVA
Registro de tarjetas de almac&#xE9;n por el sistema perpetuo
Asientos de ajustes</subfield>
  </datafield>
  <datafield tag="519" ind1=" " ind2=" ">
    <subfield code="a">Plan Flexible /</subfield>
    <subfield code="b">Mercadotecnia Digital /</subfield>
    <subfield code="c">Fundamentos de Contabilidad (B02-2) /</subfield>
    <subfield code="d">(04 000012)</subfield>
  </datafield>
  <datafield tag="650" ind1="1" ind2="0">
    <subfield code="a">CONTABILIDAD</subfield>
    <subfield code="x">ESTUDIO Y ENSE&#xD1;ANZA</subfield>
  </datafield>
  <datafield tag="942" ind1=" " ind2=" ">
    <subfield code="c">LB</subfield>
  </datafield>
</record>
